| 000 | 00880cam a22002175a 4500 | ||
|---|---|---|---|
| 001 | L153400 | ||
| 008 | 110720s2011 xxk f 000 0 eng d | ||
| 035 | _a(Sirsi) u153400 | ||
| 041 | 0 | _aeng | |
| 110 | 2 |
_aUnited Kingdom _bDepartment for Environment Food and Rural Affairs |
|
| 245 | 0 | 0 |
_aSewers and drains _h[electronic resource] |
| 260 |
_aLondon _bDEFRA _c2011 |
||
| 520 | _aOutlines the transfer of private sewers and drains to the water and sewerage companies from 1 October 2011. | ||
| 590 | _aKA | ||
| 650 | 2 | 4 | _aWATER INDUSTRY (SCHEMES FOR ADOPTON OF PRIVATE SEWERS) REGULATIONS 2011 |
| 650 | 2 | 4 | _aWATER INDUSTRY ACT 1991 |
| 651 | 4 | _aENGLAND AND WALES | |
| 690 | _aENVIRONMENTAL AND LAND CONSULTANCY-WASTE MANAGEMENT | ||
| 856 | 4 | 0 |
_uhttps://www.defra.gov.uk/environment/quality/water/sewage/sewers/ _zView the item free of charge at www.defra.gov.uk |
| 942 | _n0 | ||
| 999 |
_c112496 _d112496 |
||